Biathlon Massenstartweltcup der Frauen 24/25 - Statistiken

Allgemein
  • Dieses Quiz wurde 34 mal gespielt
  • Das Durchschnittsergebnis liegt bei 13 aus 20
Antwortstatistiken
# Biathletin Punkte % Korrekt
1 Franziska Preuß 355
100%
6 Julia Simon 180
89%
2 Elvira Öberg 299
81%
10 Hanna Öberg 122
81%
3 Lou Jeanmonnot 253
81%
7 Selina Grotian 170
78%
17 Justine Braisaz-Bouchet 102
74%
5 Oceane Michelon 181
74%
15 Dorothea Wierer 106
70%
4 Jeanne Richard 230
67%
9 Lisa Theresa Hauser 151
67%
8 Suvi Minkkinen 169
63%
12 Anna Magnusson 115
59%
16 Karoline Offigstad Knotten 106
56%
19 Maren Kirkeeide 89
56%
18 Lotte Lie 92
52%
14 Anamarija Lampic 110
44%
11 Milena Todorova 121
44%
13 Paulina Batovska Fialkova 110
33%
20 Tereza Vobornikova 88
30%
Keine übereinstimmenden Quizze gefunden
Verteilung der Resultate
Anzahl Personen mit jedem Resultat
Perzentil nach korrekt beantworteten Fragen
Ihre Resultats-Entwicklung
Sie haben dieses Quiz noch nicht gespielt